| 000 | 01561nam a2200277Ia 4500 | ||
|---|---|---|---|
| 999 |
_c53200 _d53200 |
||
| 001 | 20241 | ||
| 003 | GE_BSU | ||
| 005 | 20200727122923.0 | ||
| 008 | 181216s2002||||ge |||||||||||||| ||geo|| | ||
| 020 | _a99928-960-6-X | ||
| 040 | _cGE_BSU | ||
| 041 | _ageo | ||
| 080 | _a811.353'362(042.4) მ-43 | ||
| 100 |
_aმაჭავარიანი, გივი _99043 |
||
| 245 |
_aქართველურ ენათა შედარებითი გრამატიკა : _bლექციების კურსი / _cგივი მაჭავარიანი ; სარედ. საბჭო : ც. ბარბაქაძე, ვ. ბოდერი, თ. გამყრელიძე და სხვ. ; ტომის რედ. თ. გამყრელიძე. |
||
| 264 |
_aთბილისი : _bსახ. უნ-ტის გამ-ბა, _c2002. |
||
| 300 |
_a152 გვ. ; _c28 სმ. |
||
| 490 |
_aქართველოლოგიური ბიბლიოთეკა _v 9 |
||
| 500 | _aპარალელური სათაური რუსულ და ინგლისურ ენებზე | ||
| 520 | _aპარალ. სათ. რუს. და ინგლ. ენებზე | ||
| 541 | _h5 ლ. | ||
| 653 | _aქართველურ ენათა შედარებითი გრამატიკა | ||
| 653 | _aქართული ენა | ||
| 700 |
_aგამყრელიძე, თ. _eრედაქტორი _93546 |
||
| 942 |
_cBK _2udc |
||